000 00915nam a2200229Ii 4500
003 JO-AjNU
008 230605s9999||||xx |||||||||||||| ||und||
017 _a2009/10629
020 _a978-977-479-287-0
040 _aJO-AjNU
_bara
_erda
_cJO-AjNU
041 _aara
050 1 4 _aPK2155.H3412 2009
100 3 _aتأليف حالي،ألطاف حسين ؛ ترجمة وتعليق جلال السعيد الحفناوي ؛ تقديم ومراجعة سمير عبد الحميد إبراهيم,
_eauthor
_933826
245 0 0 _aالشعر والشاعرية: مقدمة الديوان الأردى
250 _aط2
264 3 1 _aالقاهرة: المركز القومي للترجمة، 2009
300 _a213ص
336 _atext
_btxt
_2rdacontent
337 _aunmediated
_bn
_2rdamedia
338 _avolume
_bnc
_2rdacarrier
650 4 _aالشعر الأوردي - تاريخ ونقد - ترجمة
_933827
999 _aA13807
_c17375
_d17375